000 00830ngm a2200217 i 4500
001 C2-0335080
003 PPAK
005 20180727222418.0
008 151216s2015 cau|||| ||||| | vleng d
040 _aPPAK
_beng
_cPPAK
_erda
245 1 0 _aHome
264 1 _aLos Angeles, California :
_bTwentieth Century Fox ,
_c2015
336 _2rdacontent
_atext
337 _2rdamedia
_aunmediated
338 _2rdacarrier
_avolume
500 _aBased upon the novel The True Meaning of Smekday by Adam Rex. ; DVD, NTSC, region 3, d; surround Dolby Digital 2.0. ; In English (Dolby Digital 2.0) with optional subtitles in English, Malay and Mandarin. ; Originally released as a motion
700 _eauthor
700 1 _aJohnson, Tim,
_ecompile
700 1 _aAmbinder-Rojas, Jessica ; Berner, Alexander,
_eeditor
942 _2ddc
_cDVD
999 _c167770
_d167770